ბათუმის შოთა რუსთაველის სახელმწიფო უნივერსიტეტის ბიბლიოთეკა

Atlas of Internal Medicine / (ბიბ.ჩანაწერი № 61673)

000 -LEADER
fixed length control field 00634nam a22001937a 4500
005 - DATE AND TIME OF LATEST TRANSACTION
control field 20240416112810.0
008 - FIXED-LENGTH DATA ELEMENTS--GENERAL INFORMATION
fixed length control field 240416s2007 enk||||| |||| 00| 0 eng d
020 ## - INTERNATIONAL STANDARD BOOK NUMBER
International Standard Book Number 9781573402538x
041 ## - LANGUAGE CODE
Language code of text/sound track or separate title eng
080 ## - UNIVERSAL DECIMAL CLASSIFICATION NUMBER
Universal Decimal Classification number 616(084.4) A-90
100 ## - MAIN ENTRY--PERSONAL NAME
Personal name
9 (RLIN) 21805
245 ## - TITLE STATEMENT
Title Atlas of Internal Medicine /
Statement of responsibility, etc. Editor Braunwald Eugene.
250 ## - EDITION STATEMENT
Edition statement Third edition
264 ## - PRODUCTION, PUBLICATION, DISTRIBUTION, MANUFACTURE, AND COPYRIGHT NOTICE
Place of production, publication, distribution, manufacture Philadelphia:
Name of producer, publisher, distributor, manufacturer Springer,
Date of production, publication, distribution, manufacture, or copyright notice 2007.
300 ## - PHYSICAL DESCRIPTION
Extent 617 p. :
Other physical details ill.;
Dimensions 32 cm.
653 ## - INDEX TERM--UNCONTROLLED
keyword შინაგანი მედიცინის ატლასი
700 ## - ADDED ENTRY--PERSONAL NAME
Personal name Eugene, Braunwald
Relator term რედაქტორი
9 (RLIN) 21806
942 ## - ADDED ENTRY ELEMENTS (KOHA)
Source of classification or shelving scheme
Koha item type წიგნი
ეგზემპლარები
Withdrawn status Lost status Source of classification or shelving scheme Damaged status Not for loan Permanent Location Current Location Shelving location Date acquired Cost, normal purchase price Full call number Barcode Date last seen Copy number Price effective from Koha item type Public note
          ბათუმის შოთა რუსთაველის სახელმწიფო უნივერსიტეტის მთავარი ბიბლიოთეკა ბათუმის შოთა რუსთაველის სახელმწიფო უნივერსიტეტის მთავარი ბიბლიოთეკა წიგნსაცავი 2024-04-16 285.00 616(084.4) A-90 67838 2024-04-16 67838 2024-04-16 წიგნი 285 ლ.